History Quiz

Random History or Poem Quiz

History Haikus Quiz Stats

 Plays Quiz Updated Mar 2, 2015

Support Sporcle.
Go Orange.
Score 0/18 Timer 06:00
0 Plays Today
Haiku Person, Thing, or Event % Correct
Origins in Greece
Vying for gold, silver, bronze
The world's best athletes
Olympic Games
97.8%
On maiden voyage
White Star Line ocean liner
Sank in Atlantic
RMS Titanic
95.1%
Four famous faces
Black Hills of South Dakota
Sculpted by Borglum
Mount Rushmore
90.9%
Peaceful protestor
Indian independence
Assassinated
Mohandas Gandhi
90.4%
Dutch guy lost an ear
Post-impressionist artist
Died from gunshot wound
Vincent van Gogh
86.5%
Blind, deaf from illness
Anne Sullivan taught her well
Author, activist
Helen Keller
84.1%
In Gulf of Naples
Destroyed and buried Pompeii
Stones, ash, molten rock
Mount Vesuvius
83.6%
Allied invasion
Omaha, Gold, Sword, Juno
Normandy landing
D-Day
82.3%
On Giza Plateau
Oldest monument sculpture
Half man, half lion
Great Sphinx of Egypt
80.2%
Haiku Person, Thing, or Event % Correct
Atlantic solo
Aviation pioneer
Lost in Pacific
Amelia Earhart
79.9%
Trumpet, jazz, and scat
What a Wonderful World hit
Some called him Satchmo
Louis Armstrong
78.8%
Classical music
Young Austrian composer
Wrote The Magic Flute
Wolfgang Amadeus Mozart
78.3%
Independence fight
Washington at Valley Forge
Yorktown surrender
American Revolution
62.5%
Duke of Wellington
Defeat of Napoleon
End of 'Hundred Days'
Battle of Waterloo
61.5%
The Romans built it
All across northern England
Made of stone and turf
Hadrian's Wall
57.8%
Physics professor
Father of atomic bomb
Manhattan project
J. Robert Oppenheimer
50.9%
English architect
Rebuilt churches after fire
St. Paul's Cathedral
Christopher Wren
35.9%
Chinese uprising
Empress orders mass killings
Drive foreigners out
Boxer Rebellion
32.4%

From the Vault

Cricket Top Ashes Run Scorers (All-Time)

by howard17

Sports 8m
How heavy is a cricket bat? This is the kind of thing that keeps us up at night!
Remove Ads.
Support Sporcle.
Get the best of Sporcle when you Go Orange. This ad-free experience offers more features, more stats, and more fun while also helping to support Sporcle. Thank you for becoming a member.

Show Comments

Extras

Top Quizzes Today


Score Distribution

Your Account Isn't Verified!

In order to create a playlist on Sporcle, you need to verify the email address you used during registration. Go to your Sporcle Settings to finish the process.

Report this User

Report this user for behavior that violates our Community Guidelines.

Details: